|
|
|
|
| LEADER |
03001nam a2200457 i 4500 |
| 001 |
EBC5473315 |
| 003 |
MiAaPQ |
| 005 |
20200520144314.0 |
| 006 |
m o d | |
| 007 |
cr cnu|||||||| |
| 008 |
180817s2018 nyu ob s001 0 eng d |
| 020 |
|
|
|z 9781438470450
|
| 020 |
|
|
|a 9781438470474 (e-book)
|
| 035 |
|
|
|a (MiAaPQ)EBC5473315
|
| 035 |
|
|
|a (Au-PeEL)EBL5473315
|
| 035 |
|
|
|a (OCoLC)1045630002
|
| 040 |
|
|
|a MiAaPQ
|b eng
|e rda
|e pn
|c MiAaPQ
|d MiAaPQ
|
| 050 |
|
4 |
|a PR830.F3
|b .D573 2018
|
| 082 |
0 |
|
|a 823/.0876609
|2 23
|
| 100 |
1 |
|
|a Di Paolo, Marc,
|e author.
|
| 245 |
1 |
0 |
|a Fire and snow :
|b climate fiction from The inklings to Game of thrones /
|c Marc DiPaolo.
|
| 264 |
|
1 |
|a Albany, NY :
|b Suny Press,
|c [2018]
|
| 264 |
|
4 |
|c 2018
|
| 300 |
|
|
|a 1 online resource (350 pages)
|
| 336 |
|
|
|a text
|b txt
|2 rdacontent
|
| 337 |
|
|
|a computer
|b c
|2 rdamedia
|
| 338 |
|
|
|a online resource
|b cr
|2 rdacarrier
|
| 504 |
|
|
|a Includes bibliographical references and index.
|
| 505 |
0 |
|
|a Introduction. Reclaiming Enemy-Occupied Territory: Saving Middle-earth, Narnia, Westeros, Panem, Endor, and Gallifrey -- Star Wars, Hollywood Blockbusters, and the Cultural Appropriation of J.R.R. Tolkien -- Of Treebeard, C.S. Lewis, and the Aesthetics of Christian Environmentalism -- The Time Lord, the Daleks, and the Wardrobe -- Noah's Ark Revisited: 2012 and Magic Lifeboats for the Wealthy -- Race and Disaster Capitalism in Parable of the Sower, The Strain, and Elysium -- Eden Revisited: Ursula K. Le Guin, St. Francis, and the Ecofeminist Storytelling Model -- MaddAddam and The Handmaid's Tale: Margaret Atwood and Dystopian Science Fiction as Current Events -- Ur-Fascism and Populist Rebellions in Snowpiercer and Mad Max: Fury Road --Tolkien's Kind of Catholic: Suzanne Collins, Empathy, and The Hunger Games -- The Cowboy and Indian Alliance: Collective Action Against Climate Change in A Song of Ice and Fire and Star Trek -- What Next? Robert Crumb's "A Short History of America" and Ending the Game of Thrones -- Epilogue. Who Owns the Legacy of J.R.R. Tolkien?
|
| 588 |
|
|
|a Description based on print version record.
|
| 590 |
|
|
|a Electronic reproduction. Ann Arbor, MI : ProQuest, 2018. Available via World Wide Web. Access may be limited to ProQuest affiliated libraries.
|
| 650 |
|
0 |
|a Fantasy fiction, English
|x History and criticism.
|
| 650 |
|
0 |
|a Science fiction, English
|x History and criticism.
|
| 650 |
|
0 |
|a Fantasy fiction, American
|x History and criticism.
|
| 650 |
|
0 |
|a Science fiction, American
|x History and criticism.
|
| 650 |
|
0 |
|a Climatic changes in literature.
|
| 650 |
|
0 |
|a Environmentalism in literature.
|
| 655 |
|
4 |
|a Electronic books.
|
| 776 |
0 |
8 |
|i Print version:
|a DiPaolo, Marc.
|t Fire and snow : climate fiction from The inklings to Game of thrones.
|d Albany, NY : Suny Press, c2018
|h 350 pages
|z 9781438470450
|w (DLC) 2017038441
|
| 797 |
2 |
|
|a ProQuest (Firm)
|
| 856 |
4 |
0 |
|u https://ebookcentral.proquest.com/lib/matrademy/detail.action?docID=5473315
|z Click to View
|